[Event "Morbihan-ch 0910"]
[Site "Morbihan"]
[Date "2009.10.10"]
[Round "1.5"]
[White "Audren, Jean"]
[Black "Lages, Michel"]
[Result "0-1"]
[WhiteElo "1530"]
[BlackElo "1913"]
[PlyCount "56"]
[EventDate "2009.10.10"]
[EventType "swiss"]
[EventRounds "7"]
[EventCountry "FRA"]
[SourceTitle "EXT 2014"]
[Source "ChessBase"]
[SourceDate "2013.11.20"]
[SourceVersion "1"]
[SourceVersionDate "2013.11.20"]
[SourceQuality "1"]

1. d4 c5 2. Nf3 cxd4 3. Nxd4 d5 4. Nc3 Nf6 5. Bg5 e6 6. a3 Be7 7. e3 0-0 8. Be2 Nc6 9. 0-0 e5 10. Nxc6 bxc6 11. f3 Rb8 12. b3 h6 13. Bh4 Qb6 14. Bf2 Be6 15. Bd3 c5 16. Na4 Qc7 17. c3 Rfd8 18. Qc2 e4 19. Be2 d4 20. cxd4 Bxb3 21. Qc1 Bxa4 22. fxe4 Nxe4 23. Bf3 Nxf2 24. Rxf2 Bd6 25. h3 cxd4 26. exd4 Qxc1+ 27. Rxc1 Bf4 28. Rcf1 Be3 0-1

[Event "Morbihan-ch 0809"]
[Site "Morbihan"]
[Date "2009.01.24"]
[Round "4"]
[White "Roussel, Yannis"]
[Black "Audren, Jean"]
[Result "0-1"]
[WhiteElo "1670"]
[BlackElo "1520"]
[PlyCount "95"]
[EventDate "2008.10.??"]
[EventType "tourn"]
[EventRounds "7"]
[EventCountry "FRA"]
[SourceTitle "EXT 2010"]
[Source "ChessBase"]
[SourceDate "2010.11.25"]
[SourceVersion "1"]
[SourceVersionDate "2010.11.25"]
[SourceQuality "1"]

1. e4 c5 2. Nf3 Nc6 3. d4 cxd4 4. Nxd4 e6 5. c4 Bb4+ 6. Bd2 Bxd2+ 7. Qxd2 Nf6 8. Nc3 Nxd4 9. Qxd4 0-0 10. Be2 a6 11. 0-0 d6 12. f4 Qe7 13. e5 dxe5 14. fxe5 Nd7 15. Kh1 Qg5 16. Ne4 Qxe5 17. Qxe5 Nxe5 18. Nd6 Rd8 19. Nxc8 Raxc8 20. b3 Rd2 21. Rae1 g6 22. Bh5 Nd3 23. Re2 Rxe2 24. Bxe2 Rd8 25. Bf3 b6 26. Kg1 Ne5 27. Bb7 a5 28. Re1 Ng4 29. h3 Nf6 30. Rf1 Kg7 31. Rf2 h5 32. Kh2 g5 33. Bc6 Rd4 34. Re2 h4 35. Rf2 g4 36. Kg1 Rd1+ 37. Rf1 Rxf1+ 38. Kxf1 g3 39. Ke2 Kg6 40. Kf3 Kg5 41. a3 e5 42. b4 axb4 43. axb4 Nh5 44. c5 bxc5 45. bxc5 Nf4 46. Bb7 Ne6 47. c6 f5 48. Bc8 0-1

[Event "FRA-chT4 0506"]
[Site "Bretagne"]
[Date "2006.01.15"]
[Round "4"]
[White "Tonal, Jean Jacques"]
[Black "Audren, Jean"]
[Result "1-0"]
[WhiteElo "1600"]
[BlackElo "1470"]
[PlyCount "74"]
[EventDate "2005.10.16"]
[EventType "team"]
[EventRounds "7"]
[EventCountry "FRA"]
[SourceTitle "EXT 2007"]
[Source "ChessBase"]
[SourceDate "2006.11.23"]
[SourceVersion "1"]
[SourceVersionDate "2006.11.23"]
[SourceQuality "1"]

1. f4 d5 2. Nf3 Nf6 3. e3 Nc6 4. Bb5 Bd7 5. b3 a6 6. Bxc6 Bxc6 7. 0-0 e6 8. Bb2 Bb5 9. d3 c5 10. a4 Bd7 11. Ne5 Be7 12. Nd2 0-0 13. Ndf3 Ne8 14. Nxd7 Qxd7 15. Qe1 a5 16. Qg3 f6 17. e4 dxe4 18. dxe4 Rd8 19. Qe1 Qc7 20. Nd2 b6 21. Nc4 Nd6 22. Nxd6 Bxd6 23. e5 fxe5 24. fxe5 Rxf1+ 25. Kxf1 Qf7+ 26. Kg1 Bc7 27. Rd1 Rxd1 28. Qxd1 Qf5 29. Qe2 h5 30. Bc3 Kh7 31. Qd3 Kg6 32. Qg3+ Kh6 33. Qf3 g5 34. Qd3 Kg6 35. h3 h4 36. Bb2 Bxe5 37. Bxe5 Qxd3 1-0

[Event "Morbihan-ch 0304"]
[Site "Morbihan"]
[Date "2004.03.27"]
[Round "6"]
[White "Hemon, Marcel"]
[Black "Audren, Jean"]
[Result "1-0"]
[WhiteElo "1640"]
[BlackElo "1470"]
[PlyCount "55"]
[EventDate "2003.10.??"]
[EventType "swiss"]
[EventRounds "7"]
[EventCountry "FRA"]
[SourceTitle "EXT 2005"]
[Source "ChessBase"]
[SourceDate "2004.11.15"]
[SourceVersion "1"]
[SourceVersionDate "2004.11.15"]
[SourceQuality "1"]

1. d4 e6 2. e4 d5 3. e5 c5 4. c3 Nc6 5. Nf3 h6 6. Bd3 c4 7. Be2 Nge7 8. 0-0 Nf5 9. Ne1 Be7 10. Bg4 Bg5 11. f4 Bh4 12. Nc2 b5 13. Qf3 Be7 14. Bxf5 exf5 15. Ne3 Be6 16. Nd2 a5 17. a4 b4 18. Ndxc4 g5 19. fxg5 hxg5 20. Nd2 g4 21. Qe2 Kd7 22. Nxf5 Bxf5 23. Rxf5 Rh4 24. Rxf7 Qh8 25. e6+ Kd8 26. Nf1 Ke8 27. Bf4 Nd8 28. Qb5+ 1-0

[Event "Morbihan-ch 0304"]
[Site "Morbihan"]
[Date "2004.03.06"]
[Round "5"]
[White "Audren, Jean"]
[Black "Le Talour, Benoit"]
[Result "0-1"]
[WhiteElo "1490"]
[BlackElo "1620"]
[PlyCount "126"]
[EventDate "2003.10.??"]
[EventType "swiss"]
[EventRounds "7"]
[EventCountry "FRA"]
[SourceTitle "EXT 2005"]
[Source "ChessBase"]
[SourceDate "2004.11.15"]
[SourceVersion "1"]
[SourceVersionDate "2004.11.15"]
[SourceQuality "1"]

1. d4 d5 2. Nf3 e6 3. e3 Nf6 4. c4 Be7 5. Nc3 0-0 6. cxd5 exd5 7. Bd3 Nc6 8. a3 Bg4 9. 0-0 a6 10. Re1 Bd6 11. Be2 Ne4 12. Nxe4 dxe4 13. Nd2 Qh4 14. g3 Bxe2 15. Qxe2 Qe7 16. b4 b5 17. Bb2 f5 18. Rac1 Nd8 19. Nb3 Ne6 20. f3 Ng5 21. Nd2 Rae8 22. f4 Nf7 23. Nb3 Rc8 24. Rc6 Ra8 25. Na5 Ra7 26. Qc2 Nd8 27. d5 Qf7 28. Rc3 Qxd5 29. Rd1 Qe6 30. Nc6 Nxc6 31. Rxc6 h6 32. Qd2 Kh7 33. Qd4 Qd7 34. Rdc1 Rb7 35. Rxa6 Rf7 36. Qd5 Rb8 37. Rd1 Rd8 38. h3 h5 39. Bd4 g6 40. Rc1 Bf8 41. Qe5 Bg7 42. Qe6 Qxe6 43. Rxe6 Bxd4 44. exd4 Rxd4 45. Rcc6 Rg7 46. Ra6 Rc4 47. Kf2 Rc3 48. Rec6 Rf3+ 49. Kg2 Rd7 50. Rc2 Rfd3 51. Ra7 Rd2+ 52. Rxd2 Rxd2+ 53. Kg1 Rc2 54. Rb7 Rc3 55. Kf2 h4 56. g4 Rxh3 57. Rxc7+ Kh6 58. g5+ Kh5 59. Rc5 Kg4 60. Rxb5 Rxa3 61. Rb6 Kxf4 62. Rxg6 Ra2+ 63. Kg1 e3 0-1

[Event "Morbihan-ch 0304"]
[Site "Morbihan"]
[Date "2003.10.18"]
[Round "1"]
[White "Audren, Jean"]
[Black "Peyre, Thomas"]
[Result "0-1"]
[WhiteElo "1470"]
[BlackElo "1550"]
[PlyCount "38"]
[EventDate "2003.10.??"]
[EventType "swiss"]
[EventRounds "7"]
[EventCountry "FRA"]
[SourceTitle "EXT 2005"]
[Source "ChessBase"]
[SourceDate "2004.11.15"]
[SourceVersion "1"]
[SourceVersionDate "2004.11.15"]
[SourceQuality "1"]

1. g3 e5 2. Bg2 d5 3. d3 Nf6 4. b3 Bc5 5. Bb2 Nc6 6. c3 0-0 7. Nf3 e4 8. dxe4 dxe4 9. Nd4 Re8 10. e3 Ne5 11. 0-0 Bg4 12. Qc2 Bxd4 13. cxd4 Nf3+ 14. Kh1 Qd7 15. Nc3 Bh3 16. Rfd1 Bxg2+ 17. Kxg2 Ng5 18. Ne2 Qh3+ 19. Kh1 Nf3 0-1